| 000 | 00500nam a22001577a 4500 | ||
|---|---|---|---|
| 003 | NUST | ||
| 082 | _a200 | ||
| 100 |
_aSarwar, Ayesha _996682 |
||
| 245 |
_aText Summarization from Judicial Records using Deep Neural Machines / _cAyesha Sarwar |
||
| 264 |
_aIslamabad : _bSEECS, NUST, _c2021. |
||
| 300 | _a64 p. ; | ||
| 650 |
_aMS in Computer Science _996683 |
||
| 700 |
_aSupervisor: Dr. Faisal Shafait _996684 |
||
| 856 | _uhttp://10.250.8.41:8080/xmlui/handle/123456789/28261 | ||
| 942 |
_2ddc _cSC |
||
| 999 |
_c590829 _d590829 |
||